Disconnected rivers (Record no. 246629)
[ view plain ]
| 000 -LEADER | |
|---|---|
| fixed length control field | 01614nam a22003494a 4500 |
| 082 04 - DEWEY DECIMAL CLASSIFICATION NUMBER | |
| Classification number | 577.6/4/0973 |
| 100 1# - MAIN ENTRY--AUTHOR NAME | |
| Personal name | Wohl, Ellen E., |
| 245 10 - TITLE STATEMENT | |
| Title | Disconnected rivers |
| 260 ## - PUBLICATION, DISTRIBUTION, ETC. (IMPRINT) | |
| Place of publication | New Haven : |
| Name of publisher | Yale University Press, |
| Year of publication | c2004. |
| 300 ## - PHYSICAL DESCRIPTION | |
| Number of Pages | xiii, 301 p. : |
| Other physical details | ill., maps. |
| 505 0# - FORMATTED CONTENTS NOTE | |
| Formatted contents note | Why should we care about rivers? -- American rivers -- Conquering a new world : pioneer impacts -- Poisoning America : commercial impacts -- Institutional conquest : bureaucratic impacts -- Trying to do the right thing : rehabilitation impacts -- Thinking in terms of rivers. |
| 650 #0 - SUBJECT ADDED ENTRY--TOPICAL TERM | |
| Topical Term | Stream ecology |
| Topical Term | Watershed management |
| Topical Term | Stream conservation |
| 856 40 - ELECTRONIC LOCATION AND ACCESS | |
| Uniform Resource Identifier | http://site.ebrary.com/lib/rucke/Doc?id=10169990 |
No items available.
